000 01364nam a2200337Ia 4500
001 ebr10278083
003 CaPaEBR
006 m u
007 cr cn|||||||||
008 961216s1998 nyuabcf sb 001 0 eng d
010 _z 96053599
020 _z9780195106640
020 _z0195106644 (cloth)
020 _z0195116313 (pbk.)
040 _aCaPaEBR
_cCaPaEBR
035 _a(OCoLC)252640415
050 1 4 _aHV6452.P4
_bM64 1998eb
100 1 _aKenny, Kevin,
_d1960-
245 1 0 _aMaking sense of the Molly Maguires
_h[electronic resource] /
_cKevin Kenny.
260 _aNew York :
_bOxford University Press,
_c1998.
300 _axii, 336 p., [16] p. of plates :
_bill., maps, ports.
504 _aIncludes bibliographical references (p. 315-328) and index.
533 _aElectronic reproduction.
_bPalo Alto, Calif. :
_cebrary,
_d2009.
_nAvailable via World Wide Web.
_nAccess may be limited to ebrary affiliated libraries.
610 2 0 _aMolly Maguires (Organization)
650 0 _aCoal miners
_zPennsylvania
_xHistory.
650 0 _aIrish Americans
_zPennsylvania
_xHistory.
650 0 _aIrish Americans
_zPennsylvania
_xSocial conditions.
655 7 _aElectronic books.
_2local
710 2 _aebrary, Inc.
856 4 0 _uhttp://site.ebrary.com/lib/rucke/Doc?id=10278083
_zAn electronic book accessible through the World Wide Web; click to view
999 _c4182
_d4182